000 00288nam a22001217a 4500
008 260424b |||||||| |||| 00| 0 eng d
082 _a001063
100 _aNarayanachar, K S
245 _aDroupadi Sathyabhama
260 _aHubli
_bSahitya Prakashana
_c2007
300 _a44p
942 _2ddc
999 _c1303
_d1303